UPSIDE PROFITING FROM THE PROFOUND DEMOG (Record no. 31640)
[ view plain ]
| 000 -LEADER | |
|---|---|
| fixed length control field | 00343nam a2200133Ia 4500 |
| 008 - FIXED-LENGTH DATA ELEMENTS--GENERAL INFORMATION | |
| fixed length control field | 240624s9999 xx 000 0 und d |
| 041 ## - LANGUAGE CODE | |
| Language code of text/sound track or separate title | eng |
| 082 ## - DEWEY DECIMAL CLASSIFICATION NUMBER | |
| Classification number | 658.83 GRO |
| 100 ## - MAIN ENTRY--PERSONAL NAME | |
| Personal name | GRONBACH KENNETH W |
| 245 ## - TITLE STATEMENT | |
| Title | UPSIDE PROFITING FROM THE PROFOUND DEMOG |
| 260 ## - PUBLICATION, DISTRIBUTION, ETC. | |
| Date of publication, distribution, etc. | 2017 |
| Place of publication, distribution, etc. | New York |
| Name of publisher, distributor, etc. | Amacom |
| 300 ## - PHYSICAL DESCRIPTION | |
| Extent | xi, 276 p.; 23 cm. |
| 365 ## - TRADE PRICE | |
| Currency code | |
| Price amount | 35 |
| Withdrawn status | Lost status | Damaged status | Not for loan | Home library | Current library | Shelving location | Date acquired | Total Checkouts | Full call number | Barcode | Date last seen | Date last checked out | Copy number | Price effective from | Koha item type |
|---|---|---|---|---|---|---|---|---|---|---|---|---|---|---|---|
| IMTN | IMTN | Rack 37-B | 04/24/2019 | 1 | 658.83 GRO | 31640 | 10/14/2025 | 10/04/2025 | 72 | 06/24/2024 | Books |